| Record ID | marc_loc_2016/BooksAll.2016.part38.utf8:224376614:888 |
| Source | Library of Congress |
| Download Link | /show-records/marc_loc_2016/BooksAll.2016.part38.utf8:224376614:888?format=raw |
LEADER: 00888cam a22002654a 4500
001 2011051338
003 DLC
005 20120929082649.0
008 111228s2013 mnua j 001 0 spa
010 $a 2011051338
020 $a9781429692250 (library binding)
040 $aDLC$cDLC$dDLC
041 1 $aspa$aeng$heng
042 $apcc
050 00 $aSF293.A47$bO2518 2013
082 00 $a636.1/3$223
100 1 $aO'Brien, Kim.
240 10 $aAmerican paint horses.$lSpanish & English
245 10 $aCaballos paint /$cpor Kim O'Brien = American paint horses / by Kim O'Brien ; [Strictly Spanish, translation services].
246 31 $aAmerican paint horses
260 $aNorth Mankato, MN :$bCapstone Press,$c2013.
300 $a21 p. :$bcol. ill. ;$c19 cm.
490 0 $aPebble bilingue/bilingual: cabollos/horses
500 $aIncludes index.
650 0 $aAmerican paint horse$vJuvenile literature.